Principles of compiler design (Record no. 165792)

MARC details
000 -LEADER
fixed length control field 00385nam a2200145Ia 4500
008 - FIXED-LENGTH DATA ELEMENTS--GENERAL INFORMATION
fixed length control field 231217s9999 xx 000 0 und d
041 ## - LANGUAGE CODE
Language code of text/sound track or separate title English
082 ## - DEWEY DECIMAL CLASSIFICATION NUMBER
Classification number 001.6425 AHO;8
100 ## - MAIN ENTRY--PERSONAL NAME
Personal name Aho, Alfred V. Ullman, Jefferey D.
245 #0 - TITLE STATEMENT
Title Principles of compiler design
260 ## - PUBLICATION, DISTRIBUTION, ETC.
Date of publication, distribution, etc. 1985
Name of publisher, distributor, etc. Narosa Publishing, Delhi
300 ## - PHYSICAL DESCRIPTION
Extent xii+612
650 ## - SUBJECT ADDED ENTRY--TOPICAL TERM
Topical term or geographic name entry element Compiler design
942 ## - ADDED ENTRY ELEMENTS (KOHA)
Koha item type Books
Holdings
Date last seen Total checkouts Full call number Accession number Cost, total (INR) price Price effective from Category Public note Lost status Damaged status Department Withdrawn status Home library Current library Shelving location Entry date Vendor Cost, normal purchase price Grants Billnumber Billdate Currency symbol Conversion rate Discount Old discount
26/01/2024   001.6425 AHO;8 11492 161.50 26/01/2024 Books SC ST (521)     Central Library   Central Library Central Library SC-ST 01/06/1998 Sapna Book House 190.00 SC-ST 177 97-98 20/11/2000 RS 1 28.5 15
26/01/2024   001.6425 AHO;9 11493 161.50 26/01/2024 Books SC ST (522)     Central Library   Central Library Central Library SC-ST 01/06/1998 Sapna Book House 190.00 SC-ST 177 97-98 20/11/2000 RS 1 28.5 15

© For any Suggestions or Query, please contact the library staff @ librarian@pes.edu or Phone: +9180 2672 1983/ 2108.